Mecanización en el cultivo de las hortalizas : (tomate, cebolla y chiltoma)
Expone un análisis sobre el balance de turno y determinación de los rendimientos alcanzados por la maquinaria agrícola utilizada en el cultivo de las hortalizas, así como describir los aspectos técnicos y generales de los implementos utilizados en la mecanización de las hortalizas.
| Main Author: | |
|---|---|
| Other Authors: | |
| Format: | Tesis Section = Libro |
| Language: | Undetermined Spanish |
| Published: |
Managua
Universidad Nacional Autónoma de Nicaragua (UNAN)
1984
|
| Subjects: |
| LEADER | 01022nam a2200217Ia 4500 | ||
|---|---|---|---|
| 008 | 240830s9999 xx 000 0 und d | ||
| 040 | |a BIBLIOTECA-RUSB/ Mon 635 M385 | ||
| 041 | |a spa | ||
| 082 | |a Mon 635 M385 | ||
| 100 | 1 | |a Martínez Potosme, Francis | |
| 245 | 1 | 0 | |a Mecanización en el cultivo de las hortalizas : (tomate, cebolla y chiltoma) |
| 260 | |a Managua |b Universidad Nacional Autónoma de Nicaragua (UNAN) |c 1984 | ||
| 300 | |a 85 p. :il. | ||
| 502 | |a Tesis (Ingeniero Agrícola) - Universidad Nacional Autónoma de Nicaragua (UNAN), 1984. | ||
| 520 | 3 | |a Expone un análisis sobre el balance de turno y determinación de los rendimientos alcanzados por la maquinaria agrícola utilizada en el cultivo de las hortalizas, así como describir los aspectos técnicos y generales de los implementos utilizados en la mecanización de las hortalizas. | |
| 650 | 7 | |a CULTIVOS DE HUERTO | |
| 650 | 7 | |b HORTALIZAS I | |
| 700 | 1 | |a Tutor: |b Martínez Silva, Eduardo | |
| 942 | |c BK |2 ddc | ||
| 991 | |a TESIS | ||
| 999 | |c 20559 | ||